| 000 | 01050cam a22003138a 4500 | ||
|---|---|---|---|
| 001 | 60940 | ||
| 005 | 20230410103938.0 | ||
| 008 | 080115s2008 nyu 000 0beng | ||
| 035 | _a(OCoLC)ocn173485300 | ||
| 040 |
_aUKM _cUKM _dYDXCP _dBAKER |
||
| 020 | _a9780140232240 (pbk.) | ||
| 020 | _a9780140232240 (pbk.) | ||
| 035 | _a(OCoLC)173485300 | ||
| 050 | 1 | 4 |
_a545 DT 1949 _bM214O 2008 |
| 082 | 0 | 0 | _a968.06092 |
| 049 | _aGRAL | ||
| 100 | 1 | _aO'Malley, Padraig. | |
| 245 | 1 | 0 |
_aShades of difference : _bMac Maharaj and the struggle for South Africa / _cby Padraig O'Malley ; foreword by Nelson Mandela. |
| 260 |
_aNew York : _bPenguin ; London ; Turnaround [distributor], _c[2008]. |
||
| 300 |
_a650 p. _ccm. |
||
| 600 | 1 | 0 | _aMaharaj, Mac. |
| 610 | 2 | 0 |
_aAfrican National Congress _vBiography. |
| 650 | 0 |
_aAnti-apartheid activists _zSouth Africa _vBiography. |
|
| 650 | 0 |
_aPolitical prisoners _zSouth Africa _vBiography. |
|
| 650 | 0 |
_aEast Indians _zSouth Africa _vBiography. |
|
| 942 |
_2lcc _cbk |
||
| 946 | _aclperez | ||
| 994 |
_aC0 _bDRFGD |
||
| 999 |
_c28959 _d28959 |
||